Príprava Ekonomickej univerzity na vstup Slovenska do Európskej únie
Rozhovor s prof. Ing. Vojtechom Kollárom, CSc., rektorom Ekonomickej univerzity v Bratislave o očakávaných zmenách v súvislosti so vstupom Slovenska do Európskej únie, zabezpečení kompatibility vzdelávacieho procesu s európskymi štandardmi, medzinárodnej spolupráci, význame vedy pri vzdelávaní.
Salvato in:
| Autore principale: | |
|---|---|
| Altri autori: | |
| Natura: | Capitolo di libro |
| Lingua: | slovacco |
| Soggetti: | |
| Tags: |
Nessun Tag, puoi essere il primo ad aggiungerne!!
|
MARC
| LEADER | 00000naa a2200000 4500 | ||
|---|---|---|---|
| 001 | r048299 | ||
| 005 | 20220729103922.1 | ||
| 041 | 0 | |a slo | |
| 044 | |a SK | ||
| 245 | 1 | 0 | |a Príprava Ekonomickej univerzity na vstup Slovenska do Európskej únie |c Aut.interv. Alica Polónyiová, účast. interv. Vojtech Kollár |
| 520 | |a Rozhovor s prof. Ing. Vojtechom Kollárom, CSc., rektorom Ekonomickej univerzity v Bratislave o očakávaných zmenách v súvislosti so vstupom Slovenska do Európskej únie, zabezpečení kompatibility vzdelávacieho procesu s európskymi štandardmi, medzinárodnej spolupráci, význame vedy pri vzdelávaní. | ||
| 610 | 2 | 0 | |a univerzity |
| 610 | 2 | 0 | |a Ekonomická univerzita v Bratislave |
| 610 | 2 | 0 | |a Slovensko |
| 610 | 2 | 0 | |a integrácia ekonomická medzinárodná |
| 610 | 2 | 0 | |a Európska únia |
| 610 | 2 | 0 | |a programy študijné |
| 610 | 2 | 0 | |a štandardy |
| 610 | 2 | 0 | |a veda |
| 610 | 2 | 0 | |a vzdelávanie |
| 100 | 1 | |a Polónyiová, Alica | |
| 700 | 1 | |a Kollár, Vojtech | |